00700nam a2200241 a 4500001001300000003000900013005001700022008004100039020000800080082001300088100001700101245003400118260003600152300001000188500003500198505001800233650003100251700001700282902000800299942000700307952012700314999001700441nice12345678IN_TiNIC20260116015407.0141117s2014 kola grp 000 0 eng  ac000a274bJAY aJayakumar, A aHistory of Reformation Period aKolkata, India bSCEPTRE c2014 a228p  aincludes index and biblioraphy2 abiblio, notes aReformation-Church History1 aJayakumar, A bSRS cBK 001040708StackRoom-aHMIbHMId2005-01-01g0.00l2m1o274 JAYp11002810r2025-09-10s2025-08-25v0.00w2014-11-17yBK c19519d19519